000 00630nam a22001817a 4500
005 20260401124417.0
008 260401b |||||||| |||| 00| 0 eng d
020 _a978-93-88958-77-6
050 _aRC 46 .A 23 2019
100 _aABDULLA, ABM
245 _aLONG CASES I CLINICAL MEDICINE (CONCERNED WITH LONG CASES, THEIR PRESENTATION, RELATED QUESTIONS, ANSWERS AND DISCUSSIONS)
250 _a2
260 _aNEW DELHI,
_bJAYPEE BROTHERS MEDICAL PUBLISHERS,
_c2019,
300 _aXVi, 856 P, ILL
500 _aINCLUDES BIBLIOGRAPHICAL REFERENCES AND INDEX
650 _aINTERNAL MEDICINE-CASE STUDIES
942 _2lcc
_cBK
999 _c216920
_d216920